[Event "BRA-ch 87th"]
[Site "Cuiaba"]
[Date "2021.10.30"]
[Round "4"]
[White "Molina, Roberto Junio Brito"]
[Black "Dos Santos, Clecio Franca"]
[Result "1-0"]
[WhiteElo "2434"]
[BlackElo "2031"]
[PlyCount "77"]
[EventDate "2021.10.28"]
[EventType "swiss"]
[EventRounds "11"]
[EventCountry "BRA"]
[SourceTitle "CBM 205 Extra"]
[Source "ChessBase"]
[SourceDate "2022.01.31"]
[SourceVersion "1"]
[SourceVersionDate "2022.01.31"]
[SourceQuality "1"]

1. e4 d6 2. d4 Nf6 3. Nc3 g6 4. Be3 Bg7 5. Qd2 Ng4 6. Bg5 f6 7. Bh4 0-0 8. h3 Nh6 9. 0-0-0 Nf7 10. Kb1 Na6 11. f4 c5 12. dxc5 Nxc5 13. Nf3 Rb8 14. Bf2 b6 15. Bc4 Be6 16. Bxe6 Nxe6 17. f5 Nc5 18. Qe2 Qe8 19. Nd4 Qd7 20. g4 Rfc8 21. h4 Ne5 22. Bg3 Nc6 23. Nf3 b5 24. Nd5 e6 25. Bxd6 exd5 26. Bxc5 Qf7 27. Rxd5 Bf8 28. Bxf8 Kxf8 29. Qd2 Rb7 30. g5 a5 31. gxf6 Ke8 32. Rd1 Qxf6 33. Rd6 Qe7 34. f6 Qc7 35. Ng5 Ne5 36. Re6+ Kf8 37. Re7 Nc4 38. Ne6+ Kg8 39. f7+ 1-0

[Event "Cuiaba Mato Grosso-ch"]
[Site "Cuiaba"]
[Date "2019.12.08"]
[Round "6"]
[White "Cordeiro Silva, Marcos Antonio"]
[Black "Dos Santos, Clecio Franca"]
[Result "0-1"]
[WhiteElo "1553"]
[BlackElo "2043"]
[PlyCount "59"]
[EventDate "2019.12.06"]
[EventType "swiss"]
[EventRounds "6"]
[EventCountry "BRA"]
[SourceTitle "CBM 193 Extra"]
[Source "ChessBase"]
[SourceDate "2020.01.31"]
[SourceVersion "1"]
[SourceVersionDate "2020.01.31"]
[SourceQuality "1"]

1. e4 c5 2. Nf3 g6 3. d4 cxd4 4. Nxd4 Bg7 5. Nc3 Nc6 6. Be3 Nf6 7. f3 0-0 8. Bc4 d6 9. Qd2 Bd7 10. Bb3 Rc8 11. 0-0-0 Ne5 12. Qe2 Qa5 13. Bd2 Qc5 14. Be3 Qb4 15. h4 Rxc3 16. bxc3 Qxc3 17. Qe1 Qc5 18. h5 Nc4 19. Kb1 Nxe3 20. Qxe3 a5 21. hxg6 hxg6 22. e5 Nd5 23. Bxd5 Qxd5 24. exd6 exd6 25. Qb3 Qc5 26. Qd3 Rc8 27. Nb3 Qa3 28. Nd4 Rc3 29. Qe4 Be6 30. Rh2 0-1

[Event "Cuiaba Contaud op"]
[Site "Cuiaba"]
[Date "2019.06.02"]
[Round "5"]
[White "Dos Santos, Clecio Franca"]
[Black "Magalhaes, Ronaldo Borges"]
[Result "1-0"]
[WhiteElo "1798"]
[BlackElo "1706"]
[PlyCount "47"]
[EventDate "2019.05.31"]
[EventType "swiss"]
[EventRounds "6"]
[EventCountry "BRA"]
[SourceTitle "EXT 2020"]
[Source "ChessBase"]
[SourceDate "2019.10.17"]
[SourceVersion "1"]
[SourceVersionDate "2019.10.17"]
[SourceQuality "1"]

1. e4 c5 2. Nf3 d6 3. d4 cxd4 4. Nxd4 g6 5. Nc3 Bg7 6. Be3 Nf6 7. f3 Nc6 8. Qd2 0-0 9. Bc4 a6 10. 0-0-0 Nd7 11. h4 Na5 12. Be2 Ne5 13. b3 Nac6 14. Nxc6 bxc6 15. Bh6 Bh8 16. f4 Nd7 17. Bxf8 Qa5 18. Na4 Qxd2+ 19. Rxd2 Kxf8 20. Bf3 Rb8 21. h5 Kg8 22. e5 dxe5 23. fxe5 Bxe5 24. Re2 1-0

[Event "Cuiaba Contaud op"]
[Site "Cuiaba"]
[Date "2019.06.01"]
[Round "3"]
[White "Dos Santos, Clecio Franca"]
[Black "Quintiliano Pinto, Renato Rodrigues"]
[Result "0-1"]
[WhiteElo "1798"]
[BlackElo "2438"]
[PlyCount "50"]
[EventDate "2019.05.31"]
[EventType "swiss"]
[EventRounds "6"]
[EventCountry "BRA"]
[SourceTitle "EXT 2020"]
[Source "ChessBase"]
[SourceDate "2019.10.17"]
[SourceVersion "1"]
[SourceVersionDate "2019.10.17"]
[SourceQuality "1"]

1. e4 c5 2. Nf3 d6 3. d4 cxd4 4. Nxd4 Nf6 5. Nc3 a6 6. Bc4 e6 7. 0-0 b5 8. Bb3 Be7 9. Qf3 Qc7 10. a4 b4 11. Nce2 0-0 12. Bg5 Nbd7 13. e5 dxe5 14. Nc6 Bd6 15. Rad1 Bb7 16. Rxd6 Qxd6 17. Ne7+ Qxe7 18. Qxb7 Qd6 19. c3 Rab8 20. Qf3 bxc3 21. Rd1 cxb2 22. Rxd6 b1Q+ 23. Bd1 Qb4 24. Rd2 Ne4 25. Qd3 Ndc5 0-1